000 00989nam a2200193 a 4500
008 060316s1999 ||||||||||||||||| || u
020 _a0750641096
050 _aTA 330 Bir
100 _aBird, John
245 1 0 _aBasic engineering mathematics
260 _aOxford :
_bNewnes
_c1999
300 _aviii, 218 p. : ill.
350 _a0.00
650 0 _aENGINEERING MATHEMATICS
995 _D0.00
_FCBU-MAIN LIBRARY (Kitwe)
_H1
_I0.00
_M1
_UDAMAGED
_ZMain Library Open Access Collection
995 _D0.00
_FCBU-MAIN LIBRARY (Kitwe)
_H2
_I0.00
_M2
_UDAMAGED
_ZMain Library Open Access Collection
995 _D0.00
_FCBU-MAIN LIBRARY (Kitwe)
_H3
_I0.00
_M3
_UDAMAGED
_ZMain Library Open Access Collection
995 _D0.00
_FCBU-MAIN LIBRARY (Kitwe)
_H4
_I0.00
_M4
_UAVAILABLE
_ZMain Library Open Access Collection
999 _c81001
_d81001